[Event "European Online Club-ch-D 2021"]
[Site "Online"]
[Date "2021.03.27"]
[Round "1.1"]
[White "Howell, David W L"]
[Black "Eren, Ataberk"]
[Result "1-0"]
[WhiteElo "2658"]
[BlackElo "2306"]
[Annotator "TA"]
[PlyCount "85"]
[EventDate "2021.03.27"]
[EventType "team-tourn"]
[EventCountry "NET"]
[SourceTitle "playchess.com"]
[Source "ChessBase"]
[SourceQuality "1"]

{[%evp 21,85,27,29,22,71,67,80,31,40,0,34,36,43,37,43,38,54,14,32,25,29,16,50,40,52,14,64,26,100,96,94,95,110,75,78,81,79,70,86,79,97,62,59,55,64,32,70,74,94,52,101,91,120,97,108,107,286,280,281,265,305,320,318,246,444,443]} 1. c4 Nf6 2. Nc3 e6 3. Nf3 d5 4. e3 c5 5. cxd5 exd5 6. d4 Nc6 7. Bb5 Bd6 8. dxc5 Bxc5 9. O-O O-O 10. b3 Bg4 11. Bb2 Re8 12. Rc1 {[#] D32: Tarrasch Defence: Sidelines and lines without g3.} Bf8 $146 ({Predecessor:} 12... Bd6 13. Ne2 Bxf3 14. gxf3 Re6 15. Ng3 h5 16. Bxc6 bxc6 17. Kh1 Bxg3 18. hxg3 a5 19. Kg2 a4 {0-1 (34) Docx,S (2419)-Litwak,A (2270) Germany 2016}) 13. h3 Bh5 14. Be2 {White is better.} Rc8 15. Nh4 Bxe2 (15... d4 $5 {[%cal Rd4c3]} 16. exd4 (16. Bxh5 Nxh5 17. Qxh5 g6 $11) 16... Qxd4 17. Qxd4 Nxd4 $11) 16. Nxe2 Ne4 17. Nf3 Qd7 18. Nf4 Rcd8 19. Qc2 Nb4 20. Qb1 Bd6 21. Ne2 Re6 22. Rfd1 Rg6 {[#] aiming for ...Qxh3.} 23. Kf1 {Black should prevent a3.} Qb5 (23... Rh6 $5 {[%cal Rh6h3]} 24. Nf4 Re8 $11) 24. Nfd4 (24. Nh4 $5 {[%cal Ra2a3]}) 24... Qa6 (24... Qd7 $11) 25. a3 $16 Nc6 26. Qd3 Qb6 27. Qb5 Qxb5 28. Nxb5 Bb8 29. Rc2 a6 30. Nbd4 Ne7 31. Rdc1 h5 32. a4 Bd6 33. Nf4 Rh6 34. h4 Rd7 35. Nd3 Rg6 36. g3 Rf6 37. Kg2 Rg6 38. Rd1 Bxg3 $2 {[#] Black cannot hold the game after this.} (38... Kh7 $16 {might work better.}) 39. fxg3 $18 Rxg3+ 40. Kh2 Rg4 41. Ne5 Rxh4+ 42. Kg2 Rd6 (42... Rd8 43. Ndf3 Nf5) 43. Ba3 {Weighted Error Value: White=0.18/Black=0.28} 1-0

[Event "European Online Club-ch-D 2021"]
[Site "Online"]
[Date "2021.03.27"]
[Round "1.2"]
[White "Erdogan, Anil Berk"]
[Black "McShane, Luke J"]
[Result "0-1"]
[WhiteElo "2155"]
[BlackElo "2674"]
[Annotator "TA"]
[PlyCount "120"]
[EventDate "2021.03.27"]
[EventType "team-tourn"]
[EventCountry "NET"]
[SourceTitle "playchess.com"]
[Source "ChessBase"]
[SourceQuality "1"]

{[%evp 10,120,31,18,21,22,27,0,0,0,0,-20,-24,-18,-20,-16,-22,-22,-3,-15,-20,-20,-27,-32,-39,-42,-35,-35,-39,-35,-34,-35,-34,-35,-39,-37,-35,-41,-40,-47,-39,-56,-53,-62,-62,-168,-166,-171,-173,-175,-179,-171,-174,-172,-172,-193,-193,-193,-167,-171,-145,-145,-147,-144,-139,-159,-139,-237,-240,-236,-243,-348,-341,-341,-330,-333,-333,-488,-483,-474,-461,-985,-903,-1079,-1079,-864,-1057,-1039,-940,-1499,-1328,-1287,-1232,-1140,-1102,-5882,-5882,-5608,-5722,-29964,-10055,-7309,-7208,-5616,-5595,-29970,-29971,-29973,-29972,-29982,-29983,-29983,-29984]} 1. e4 {Mikhalevski,V} e5 2. Nf3 Nc6 3. d4 exd4 4. Nxd4 Bb4+ 5. c3 Bc5 6. Be3 {[#] And now Nxc6 would win.} Bb6 {C45: Scotch Game.} 7. Nd2 Nge7 8. Nc4 Bxd4 {The position is equal.} 9. Bxd4 O-O {[#]} 10. Be2 $146 ({Predecessor:} 10. Bd3 d5 11. Ne3 Nxd4 12. cxd4 dxe4 13. Bxe4 f5 14. Bf3 f4 15. Qb3+ Kh8 16. Nc2 {0-1 (32) Hoen,R (2335)-Miles,A (2595) Slough 1997 EXT 2020 [Mikhalevski,V]}) 10... d5 11. exd5 Qxd5 12. Ne3 Qd6 13. O-O Rd8 {[%cal Rc6d4]} 14. Qc2 Nxd4 15. cxd4 Be6 16. Rfd1 c6 17. b4 Nd5 18. a3 Qf4 19. Rd3 Qf6 20. Nxd5 Rxd5 21. Qc3 Rad8 {[%cal Rd5d4]} 22. Rad1 a6 23. a4 h6 24. R3d2 Qf5 25. Bf3 R5d6 26. Rb2 Bd5 27. b5 {Black converts the advantage convincingly.} ({White should play} 27. Bxd5 $15 Rxd5 28. h3) 27... Bxf3 $19 28. Qxf3 Qxf3 29. gxf3 axb5 30. axb5 {[%mdl 4096] Endgame KRR-KRR} c5 31. Rbd2 cxd4 32. Kf1 d3 33. Kg2 Rd5 34. f4 Rxb5 35. Rxd3 Rxd3 36. Rxd3 {KR-KR} Rf5 37. Rd7 b5 38. Rb7 (38. Rd8+ $17 Kh7 39. Rb8) 38... g6 ({Resist} 38... Rxf4 39. Rb8+ Kh7 40. Rxb5) 39. Kf1 Kg7 ({Much less strong is} 39... Rxf4 40. Rb8+ Kh7 41. Rxb5) 40. Ke2 (40. Rb6 {was the only defense.}) 40... Kf6 ({Don't play} 40... Rxf4 41. Rxb5 Rh4 42. Kf3 $19) 41. Ke3 Ke6 42. Rb6+ Kd7 43. Ke4 (43. Ra6 $142) 43... Kc7 44. Ra6 b4 {[%cal Bb5b4,Bb4b3,Bb3b2][%mdl 32]} 45. Ra4 (45. Ke3 $142 b3 46. Ra1) 45... Rb5 46. Kd3 b3 {( -> ...b2)} 47. Ra1 b2 48. Rb1 Kd6 49. Kc2 Ke6 50. Re1+ Kf5 51. Kb1 Kxf4 52. Re3 h5 53. Ra3 g5 54. Re3 g4 (54... h4 $142 55. Rd3 f5 56. Rc3 Re5 57. Ka2 Re2 58. Rc4+ Kf3 59. Rc5 f4 60. Rxg5 h3 61. Rg8 Rxf2 62. Rg6 Rxh2 63. Rh6 Kg2 64. Rg6+ Kf3 65. Rh6 Kf2 66. Rh8 f3 67. Re8 Kg2 68. Kxb2 f2 69. Kc3 f1=Q 70. Re6 Kh1 71. Re3 Qa1+ 72. Kc4 Qa6+ 73. Kc3 Qa5+ 74. Kc4 Rc2+ 75. Kd3 Qd2+ 76. Ke4 Rc4+ 77. Ke5 Qxe3+ 78. Kd6 Rd4+ 79. Kc6 Qc3+ 80. Kb7 Rb4+ 81. Ka8 Qa3#) 55. Ra3 f5 56. Rc3 h4 57. Ra3 Re5 {Black mates.} 58. Kxb2 Re2+ {[%mdl 64] [#] Double Attack} 59. Kc1 Rxf2 60. h3 g3 {Weighted Error Value: White=0.80/Black=0.09} 0-1

[Event "European Online Club-ch-D 2021"]
[Site "Online"]
[Date "2021.03.27"]
[Round "1.3"]
[White "Jones, Gawain C B"]
[Black "Kilic, Gokturk Kagan"]
[Result "1-0"]
[WhiteElo "2670"]
[BlackElo "2084"]
[Annotator "TA"]
[PlyCount "55"]
[EventDate "2021.03.27"]
[EventType "team-tourn"]
[EventCountry "NET"]
[SourceTitle "playchess.com"]
[Source "ChessBase"]
[SourceQuality "1"]

{[%evp 11,55,44,38,39,65,51,56,56,58,54,63,62,56,53,100,106,100,110,118,108,121,130,220,165,174,168,288,325,320,315,564,576,570,405,511,496,606,584,866,882,790,704,1439,1275,1724,1684]} 1. Nf3 Nf6 2. c4 d6 3. d4 Nbd7 4. Nc3 c6 5. e4 e5 6. d5 Be7 7. h3 {A53: Old Indian Defence without Nf3.} Qc7 8. Be3 {[#]} Nc5 $146 ({Predecessor:} 8... O-O 9. Be2 Rd8 10. O-O Nf8 11. Ne1 Ng6 12. Nd3 Ne8 13. Rc1 f5 14. exf5 Bxf5 {1-0 (30) Mihailova,A (1777)-Huskova,A (1417) Bratislava 2019}) 9. Nd2 {White is slightly better.} a5 10. Be2 h6 11. a3 O-O 12. O-O Nh7 {Black is now going downhill.} 13. b4 Nd7 14. Nb3 axb4 15. axb4 Rxa1 16. Qxa1 c5 (16... cxd5 $16 17. Nxd5 {[%mdl 64] Double Attack} Qd8) 17. Nb5 Qd8 18. bxc5 Nxc5 (18... dxc5 $142 19. Qc3 b6) 19. Nxc5 $18 dxc5 20. Qxe5 f5 $2 {[#]} (20... Ng5 21. Qf4 Bd7) 21. d6 Bg5 22. Bxc5 Re8 23. Qd5+ {White is clearly winning.} Be6 24. Qxb7 fxe4 25. Nc7 Qd7 26. Qb5 Rc8 27. Nxe6 Qxe6 28. Bg4 {[%mdl 64] Skewer.  Weighted Error Value: White=0.16/Black=0.49} 1-0

[Event "European Online Club-ch-D 2021"]
[Site "Online"]
[Date "2021.03.27"]
[Round "1.4"]
[White "Erdogmus, Yagiz Kaan"]
[Black "Cheparinov, Ivan"]
[Result "0-1"]
[WhiteElo "1955"]
[BlackElo "2667"]
[Annotator "RC"]
[PlyCount "110"]
[EventDate "2021.03.27"]
[EventType "team-tourn"]
[EventCountry "NET"]
[SourceTitle "playchess.com"]
[Source "ChessBase"]
[SourceQuality "1"]
[TimeControl "900+5"]

1. e4 {[%emt 0:00:00]} c5 {[%emt 0:00:05]} 2. Nf3 {[%emt 0:00:03]} d6 {[%emt 0:00:06]} 3. Bb5+ {[%emt 0:00:05]} Nd7 {[%emt 0:00:01]} 4. d4 {[%emt 0:00:02]} cxd4 {[%emt 0:00:02]} 5. Qxd4 {[%emt 0:00:03]} a6 {[%emt 0:00:01]} 6. Bxd7+ {[%emt 0:00:05]} Qxd7 {[%emt 0:00:01]} 7. O-O {[%emt 0:00:04]} e5 {[%emt 0:00:27]} 8. Qd3 {[%emt 0:00:09]} Qc6 {[%emt 0:00:04]} 9. c4 {[%emt 0:00:42]} Be6 {[%emt 0:00:12]} 10. b3 {[%emt 0:00:17]} b5 {[%emt 0:00:12]} 11. cxb5 {[%emt 0:00:29]} Qxb5 {[%emt 0:00:23]} 12. Rd1 {[%emt 0:01:08]} Nf6 {[%emt 0:00:20]} 13. Nc3 {[%emt 0:00:13]} Qxd3 {[%emt 0:00:32]} 14. Rxd3 {[%emt 0:00:03]} Rc8 {[%emt 0:01:24]} 15. Ba3 {[%emt 0:00:30]} d5 {[%emt 0:00:46]} 16. Bxf8 {[%emt 0:01:34]} Kxf8 {[%emt 0:00:06]} 17. Nxe5 {[%emt 0:01:54]} dxe4 {[%emt 0:00:04]} 18. Re3 {[%emt 0:00:04]} Rc5 {[%emt 0:00:24]} 19. f4 {[%emt 0:00:10]} exf3 {[%emt 0:01:01]} 20. Nxf3 {[%emt 0:00:04]} Ng4 {[%emt 0:03:02]} 21. Rd3 {[%emt 0:00:49]} Ke7 {[%emt 0:00:02]} 22. Re1 {[%emt 0:00:52]} Rhc8 {[%emt 0:00:30]} 23. Ne4 {[%emt 0:01:34]} Rc1 {[%emt 0:00:11]} 24. h3 {[%emt 0:02:41]} Ne5 {[%emt 0:01:08]} 25. Rde3 {[%emt 0:00:15]} Nxf3+ {[%emt 0:00:07]} 26. gxf3 {[%emt 0:00:03]} Rxe1+ {[%emt 0:00:01]} 27. Rxe1 {[%emt 0:00:02]} Rc2 {[%emt 0:00:04]} 28. a4 {[%emt 0:00:41]} Bxh3 {[%emt 0:02:13]} 29. Nc5+ {[%emt 0:00:35]} Kd6 {[%emt 0:00:47]} 30. Nxa6 {[%emt 0:00:08]} Rg2+ {[%emt 0:00:10]} 31. Kh1 {[%emt 0:00:07]} Rb2 {[%emt 0:00:15]} 32. Re3 {[%emt 0:01:18]} h5 {[%emt 0:00:24]} 33. Rd3+ {[%emt 0:00:08]} Ke7 {[%emt 0:00:21]} 34. Nc5 {[%emt 0:00:29]} h4 {[%emt 0:00:08]} 35. a5 {[%emt 0:00:18]} Bg2+ {[%emt 0:00:32]} 36. Kg1 {[%emt 0:00:01]} h3 {[%emt 0:00:01]} 37. Re3+ {[%emt 0:00:10]} Kd6 {[%emt 0:00:07]} 38. Ne4+ {[%emt 0:00:01]} Ke5 {[%emt 0:00:04]} 39. Nf2+ {[%emt 0:00:14]} Kf5 {[%emt 0:00:57]} 40. Rc3 {[%emt 0:00:06]} Ra2 {[%emt 0:00:23]} 41. b4 {[%emt 0:00:03]} Kf4 {[%emt 0:00:07]} 42. Rc4+ {[%emt 0:00:08]} Kg3 {[%emt 0:00:10]} 43. Ne4+ {[%emt 0:00:06]} Kxf3 {[%emt 0:00:01]} 44. Ng5+ {[%emt 0:00:01]} Kg3 {[%emt 0:00:05]} 45. Rc3+ {[%emt 0:00:07]} Kg4 {[%emt 0:00:12]} 46. Nxf7 {[%emt 0:00:04]} Ra1+ {[%emt 0:00:13]} 47. Kf2 {[%emt 0:00:01]} Rf1+ {[%emt 0:00:01]} 48. Ke3 {[%emt 0:00:02]} Rxf7 {[%emt 0:00:02]} 49. Rc4+ {[%emt 0:00:06]} Kg3 {[%emt 0:00:02]} 50. Rc5 {[%emt 0:00:02]} Rf3+ {[%emt 0:00:09]} 51. Ke2 {[%emt 0:00:02]} Rf4 {[%emt 0:00:09]} 52. Rc3+ {[%emt 0:00:09]} Bf3+ {[%emt 0:00:03]} 53. Ke3 {[%emt 0:00:02]} h2 {[%emt 0:00:01]} 54. Rc7 {[%emt 0:00:04]} h1=Q {[%emt 0:00:05]} 55. Rxg7+ {[%emt 0:00:01]} Bg4 {[%emt 0:00:00]} 0-1

[Event "European Online Club-ch-D 2021"]
[Site "Online"]
[Date "2021.03.27"]
[Round "1.5"]
[White "Lagarde, Maxime"]
[Black "Lopez Del Alamo, Antonio"]
[Result "0-1"]
[WhiteElo "2640"]
[BlackElo "2295"]
[Annotator "ChessBase"]
[PlyCount "94"]
[EventDate "2021.03.27"]
[EventType "team-tourn"]
[EventCountry "NET"]
[SourceTitle "playchess.com"]
[Source "ChessBase"]
[SourceQuality "1"]
[TimeControl "900+5"]

1. c4 {[%emt 0:00:00]} Nf6 {[%emt 0:00:10]} 2. Nc3 {[%emt 0:00:04]} g6 {[%emt 0:00:16]} 3. d4 {[%emt 0:00:11]} Bg7 {[%emt 0:00:02]} 4. e4 {[%emt 0:00:09]} d6 {[%emt 0:00:03]} 5. Nge2 {[%emt 0:00:06]} O-O {[%emt 0:00:26]} 6. Ng3 {[%emt 0:00:04]} c5 {[%emt 0:00:31]} 7. d5 {[%emt 0:00:15]} e6 {[%emt 0:00:27]} 8. Be2 {[%emt 0:00:08]} exd5 {[%emt 0:00:10]} 9. exd5 {[%emt 0:00:00]} a6 {[%emt 0:00:54]} 10. Bg5 {[%emt 0:02:46]} h6 {[%emt 0:00:34]} 11. Bf4 {[%emt 0:00:03]} Re8 {[%emt 0:00:19]} 12. O-O {[%emt 0:00:46]} Bf8 {[%emt 0:01:12]} 13. Qd2 {[%emt 0:00:07]} Kh7 {[%emt 0:00:03]} 14. Bd3 {[%emt 0:00:24]} Nbd7 {[%emt 0:00:13]} 15. Rae1 {[%emt 0:00:47]} Ne5 {[%emt 0:00:30]} 16. Bxe5 {[%emt 0:00:22]} dxe5 {[%emt 0:00:09]} 17. f4 {[%emt 0:00:40]} Bd6 {[%emt 0:00:20]} 18. f5 {[%emt 0:02:59]} g5 {[%emt 0:00:37]} 19. Nce4 {[%emt 0:00:28]} Kg7 {[%emt 0:04:22]} 20. h4 {[%emt 0:02:08]} Nxe4 {[%emt 0:00:57]} 21. Nxe4 {[%emt 0:00:00]} f6 {[%emt 0:00:07]} 22. hxg5 {[%emt 0:00:01]} hxg5 {[%emt 0:00:04]} 23. Nxg5 {[%emt 0:00:12]} Rh8 {[%emt 0:00:33]} 24. Ne6+ {[%emt 0:00:15]} Bxe6 {[%emt 0:00:04]} 25. fxe6 {[%emt 0:00:00]} Qe7 {[%emt 0:00:59]} 26. Re4 {[%emt 0:00:16]} Rag8 {[%emt 0:00:04]} 27. Rg4+ {[%emt 0:00:02]} Kf8 {[%emt 0:00:01]} 28. Rxg8+ {[%emt 0:00:02]} Kxg8 {[%emt 0:00:20]} 29. Rf3 {[%emt 0:00:37]} Qg7 {[%emt 0:00:45]} 30. Qa5 {[%emt 0:00:28]} e4 {[%emt 0:00:56]} 31. Qd8+ {[%emt 0:00:14]} Bf8 {[%emt 0:00:06]} 32. Bxe4 {[%emt 0:01:46]} f5 {[%emt 0:00:03]} 33. Rf2 {[%emt 0:00:16]} Qh6 {[%emt 0:00:32]} 34. Kf1 {[%emt 0:00:28]} Qc1+ {[%emt 0:00:23]} 35. Ke2 {[%emt 0:00:12]} Qxb2+ {[%emt 0:00:03]} 36. Bc2 {[%emt 0:00:36]} Qxc2+ {[%emt 0:00:07]} 37. Ke3 {[%emt 0:00:01]} Qc3+ {[%emt 0:00:27]} 38. Ke2 {[%emt 0:00:06]} Qxc4+ {[%emt 0:00:03]} 39. Kd2 {[%emt 0:00:01]} Qxa2+ {[%emt 0:00:06]} 40. Ke3 {[%emt 0:00:03]} Qb3+ {[%emt 0:00:08]} 41. Kd2 {[%emt 0:00:11]} Qb2+ {[%emt 0:00:09]} 42. Ke3 {[%emt 0:00:03]} Qe5+ {[%emt 0:00:02]} 43. Kd2 {[%emt 0:00:02]} Rh7 {[%emt 0:00:06]} 44. Re2 {[%emt 0:00:13]} Qf4+ {[%emt 0:00:07]} 45. Kc2 {[%emt 0:00:03]} Rh1 {[%emt 0:00:02]} 46. e7 {[%emt 0:00:06]} Qc4+ {[%emt 0:00:07]} 47. Kd2 {[%emt 0:00:03]} Qc1+ {[%emt 0:00:06]} 0-1

[Event "European Online Club-ch-D 2021"]
[Site "Online"]
[Date "2021.03.27"]
[Round "1.6"]
[White "Gongora Montes, Benjamin"]
[Black "Maurizzi, Marc Andria"]
[Result "0-1"]
[WhiteElo "2198"]
[BlackElo "2461"]
[Annotator "ChessBase"]
[PlyCount "106"]
[EventDate "2021.03.27"]
[EventType "team-tourn"]
[EventCountry "NET"]
[SourceTitle "playchess.com"]
[Source "ChessBase"]
[SourceQuality "1"]
[TimeControl "900+5"]

1. d4 {[%emt 0:00:00]} g6 {[%emt 0:01:18]} 2. h4 {[%emt 0:00:13]} Nf6 {[%emt 0:00:17]} 3. Nc3 {[%emt 0:00:06]} d5 {[%emt 0:00:09]} 4. Nf3 {[%emt 0:00:15]} Bg7 {[%emt 0:00:32]} 5. Bg5 {[%emt 0:00:24]} Ne4 {[%emt 0:00:19]} 6. Bf4 {[%emt 0:00:10]} c5 {[%emt 0:01:35]} 7. e3 {[%emt 0:01:41]} Qa5 {[%emt 0:00:59]} 8. Bb5+ {[%emt 0:00:09]} Nc6 {[%emt 0:00:08]} 9. Ne5 {[%emt 0:01:29]} Nxc3 {[%emt 0:02:20]} 10. Bxc6+ {[%emt 0:00:06]} bxc6 {[%emt 0:00:03]} 11. Qd2 {[%emt 0:00:02]} f6 {[%emt 0:01:15]} 12. Nd3 {[%emt 0:02:09]} c4 {[%emt 0:00:37]} 13. Nc5 {[%emt 0:00:25]} e5 {[%emt 0:00:02]} 14. Bg3 {[%emt 0:00:13]} Rb8 {[%emt 0:01:30]} 15. Qxc3 {[%emt 0:00:23]} Qxc3+ {[%emt 0:00:04]} 16. bxc3 {[%emt 0:00:03]} Rb2 {[%emt 0:00:06]} 17. Kd2 {[%emt 0:00:24]} Bf5 {[%emt 0:00:04]} 18. Rhc1 {[%emt 0:00:05]} Ke7 {[%emt 0:00:18]} 19. Na4 {[%emt 0:00:06]} Rb5 {[%emt 0:00:04]} 20. Rcb1 {[%emt 0:00:48]} Rhb8 {[%emt 0:00:05]} 21. Kc1 {[%emt 0:01:20]} h5 {[%emt 0:01:07]} 22. Nc5 {[%emt 0:00:30]} Kf7 {[%emt 0:01:50]} 23. a4 {[%emt 0:00:17]} Rxb1+ {[%emt 0:00:14]} 24. Rxb1 {[%emt 0:00:04]} Rxb1+ {[%emt 0:00:02]} 25. Kxb1 {[%emt 0:00:03]} Bf8 {[%emt 0:00:09]} 26. Nb7 {[%emt 0:01:41]} Ke6 {[%emt 0:00:24]} 27. Kb2 {[%emt 0:01:22]} Be7 {[%emt 0:00:47]} 28. f3 {[%emt 0:01:03]} Kd7 {[%emt 0:00:30]} 29. dxe5 {[%emt 0:00:19]} fxe5 {[%emt 0:00:00]} 30. Bxe5 {[%emt 0:00:15]} Bxh4 {[%emt 0:00:02]} 31. Nc5+ {[%emt 0:00:04]} Kc8 {[%emt 0:00:17]} 32. Kc1 {[%emt 0:00:41]} Be7 {[%emt 0:00:07]} 33. Bd4 {[%emt 0:00:13]} g5 {[%emt 0:00:06]} 34. Kd2 {[%emt 0:00:04]} h4 {[%emt 0:00:09]} 35. a5 {[%emt 0:00:22]} g4 {[%emt 0:00:05]} 36. fxg4 {[%emt 0:00:03]} Bxg4 {[%emt 0:00:00]} 37. a6 {[%emt 0:00:12]} Bd6 {[%emt 0:00:10]} 38. Nb7 {[%emt 0:00:15]} Bb8 {[%emt 0:00:02]} 39. Ke1 {[%emt 0:00:09]} Bf5 {[%emt 0:00:06]} 40. Bc5 {[%emt 0:00:07]} Bxc2 {[%emt 0:00:07]} 41. Nd6+ {[%emt 0:00:02]} Kd7 {[%emt 0:00:02]} 42. Nf7 {[%emt 0:00:01]} Be4 {[%emt 0:00:04]} 43. Kf2 {[%emt 0:00:04]} Ke6 {[%emt 0:00:09]} 44. Ng5+ {[%emt 0:00:02]} Kf5 {[%emt 0:00:03]} 45. Nf3 {[%emt 0:00:06]} Kg4 {[%emt 0:00:08]} 46. Nd4 {[%emt 0:00:06]} Bg3+ {[%emt 0:00:14]} 47. Kf1 {[%emt 0:00:05]} Bb8 {[%emt 0:00:05]} 48. Nxc6 {[%emt 0:00:04]} d4 {[%emt 0:00:00]} 49. Nxd4 {[%emt 0:00:05]} Kg3 {[%emt 0:00:03]} 50. Ne2+ {[%emt 0:00:02]} Kh2 {[%emt 0:00:02]} 51. Nf4 {[%emt 0:00:09]} Kg3 {[%emt 0:00:05]} 52. Ne2+ {[%emt 0:00:09]} Kh2 {[%emt 0:00:04]} 53. Nf4 {[%emt 0:00:03]} Kg3 {[%emt 0:00:02]} 0-1

[Event "European Online Club-ch-D 2021"]
[Site "Online"]
[Date "2021.03.27"]
[Round "1.7"]
[White "Medvegy, Zoltan"]
[Black "Pascual Palomo, Lucia"]
[Result "1-0"]
[WhiteElo "2527"]
[BlackElo "2101"]
[Annotator "ChessBase"]
[PlyCount "53"]
[EventDate "2021.03.27"]
[EventType "team-tourn"]
[EventCountry "NET"]
[SourceTitle "playchess.com"]
[Source "ChessBase"]
[SourceQuality "1"]
[TimeControl "900+5"]

1. e4 {[%emt 0:00:00]} e6 {[%emt 0:00:05]} 2. d4 {[%emt 0:00:05]} d5 {[%emt 0:00:09]} 3. exd5 {[%emt 0:00:02]} exd5 {[%emt 0:00:01]} 4. Nf3 {[%emt 0:00:02]} Bd6 {[%emt 0:00:01]} 5. c4 {[%emt 0:00:04]} Nf6 {[%emt 0:00:06]} 6. Nc3 {[%emt 0:00:06]} c6 {[%emt 0:00:11]} 7. cxd5 {[%emt 0:00:12]} Nxd5 {[%emt 0:00:09]} 8. Bc4 {[%emt 0:00:17]} Nf6 {[%emt 0:01:22]} 9. Qe2+ {[%emt 0:01:30]} Qe7 {[%emt 0:00:28]} 10. Qxe7+ {[%emt 0:00:03]} Bxe7 {[%emt 0:00:02]} 11. O-O {[%emt 0:00:24]} O-O {[%emt 0:00:08]} 12. Re1 {[%emt 0:00:02]} Bb4 {[%emt 0:00:08]} 13. a3 {[%emt 0:00:49]} Ba5 {[%emt 0:00:22]} 14. Bg5 {[%emt 0:00:11]} Nbd7 {[%emt 0:00:24]} 15. Ne5 {[%emt 0:00:38]} Bd8 {[%emt 0:01:09]} 16. Ba2 {[%emt 0:01:02]} h6 {[%emt 0:00:12]} 17. Bh4 {[%emt 0:00:51]} Nb6 {[%emt 0:00:22]} 18. Nxf7 {[%emt 0:02:33]} Nbd5 {[%emt 0:02:46]} 19. Nxd8 {[%emt 0:00:32]} Rxd8 {[%emt 0:00:06]} 20. Nxd5 {[%emt 0:00:13]} cxd5 {[%emt 0:00:09]} 21. Bxf6 {[%emt 0:00:42]} gxf6 {[%emt 0:00:06]} 22. Rac1 {[%emt 0:00:03]} Bf5 {[%emt 0:02:37]} 23. Rc5 {[%emt 0:00:56]} Re8 {[%emt 0:00:34]} 24. Re3 {[%emt 0:00:45]} Rac8 {[%emt 0:01:40]} 25. Bxd5+ {[%emt 0:00:11]} Kh8 {[%emt 0:00:10]} 26. Bxb7 {[%emt 0:00:06]} Rcd8 {[%emt 0:00:58]} 27. Rxf5 {[%emt 0:00:07]} 1-0

[Event "European Online Club-ch-D 2021"]
[Site "Online"]
[Date "2021.03.27"]
[Round "1.8"]
[White "Blasco De La Cruz, Luis"]
[Black "Guliyev, Namig"]
[Result "0-1"]
[WhiteElo "1902"]
[BlackElo "2538"]
[Annotator "ChessBase"]
[PlyCount "70"]
[EventDate "2021.03.27"]
[EventType "team-tourn"]
[EventCountry "NET"]
[SourceTitle "playchess.com"]
[Source "ChessBase"]
[SourceQuality "1"]
[TimeControl "900+5"]

1. e4 {[%emt 0:00:00]} c5 {[%emt 0:00:12]} 2. Nf3 {[%emt 0:00:37]} d6 {[%emt 0:00:02]} 3. Be2 {[%emt 0:00:15]} Nf6 {[%emt 0:00:03]} 4. d3 {[%emt 0:00:20]} Nc6 {[%emt 0:00:16]} 5. c4 {[%emt 0:00:19]} g6 {[%emt 0:00:06]} 6. Nc3 {[%emt 0:00:05]} Bg7 {[%emt 0:00:04]} 7. h3 {[%emt 0:00:02]} O-O {[%emt 0:00:06]} 8. Be3 {[%emt 0:00:03]} a6 {[%emt 0:00:09]} 9. O-O {[%emt 0:02:13]} e5 {[%emt 0:00:28]} 10. Qd2 {[%emt 0:00:10]} Nh5 {[%emt 0:00:09]} 11. Nh2 {[%emt 0:00:24]} Nf4 {[%emt 0:00:25]} 12. Bxf4 {[%emt 0:01:55]} exf4 {[%emt 0:00:10]} 13. Qxf4 {[%emt 0:00:03]} f5 {[%emt 0:00:03]} 14. Qd2 {[%emt 0:00:19]} f4 {[%emt 0:00:13]} 15. Nd5 {[%emt 0:02:04]} Nd4 {[%emt 0:00:18]} 16. Nf3 {[%emt 0:00:10]} Nxf3+ {[%emt 0:00:56]} 17. Bxf3 {[%emt 0:00:11]} Be5 {[%emt 0:00:02]} 18. Rab1 {[%emt 0:00:52]} a5 {[%emt 0:00:47]} 19. Qe2 {[%emt 0:00:24]} h5 {[%emt 0:00:06]} 20. b3 {[%emt 0:01:24]} Ra7 {[%emt 0:00:54]} 21. Rfc1 {[%emt 0:00:05]} Qh4 {[%emt 0:01:00]} 22. Kf1 {[%emt 0:01:01]} b6 {[%emt 0:00:08]} 23. a4 {[%emt 0:00:07]} Rh7 {[%emt 0:00:09]} 24. Ke1 {[%emt 0:00:12]} g5 {[%emt 0:00:05]} 25. Nxb6 {[%emt 0:00:53]} Be6 {[%emt 0:00:48]} 26. Qf1 {[%emt 0:01:19]} g4 {[%emt 0:00:07]} 27. hxg4 {[%emt 0:00:10]} hxg4 {[%emt 0:00:02]} 28. Bd1 {[%emt 0:00:19]} f3 {[%emt 0:01:09]} 29. g3 {[%emt 0:00:45]} Qh1 {[%emt 0:00:35]} 30. Be2 {[%emt 0:00:24]} fxe2 {[%emt 0:00:08]} 31. Kxe2 {[%emt 0:00:09]} Qf3+ {[%emt 0:00:05]} 32. Kd2 {[%emt 0:00:18]} Qxf2+ {[%emt 0:00:05]} 33. Qxf2 {[%emt 0:00:03]} Rxf2+ {[%emt 0:00:02]} 34. Ke1 {[%emt 0:00:01]} Bd4 {[%emt 0:00:01]} 35. Nd5 {[%emt 0:00:03]} Rh1# {[%emt 0:00:03]} 0-1

[Event "European Online Club-ch-D 2021"]
[Site "Online"]
[Date "2021.03.27"]
[Round "1.9"]
[White "Lupulescu, Constantin"]
[Black "Reimanis, Ritvars"]
[Result "1-0"]
[WhiteElo "2656"]
[BlackElo "2412"]
[Annotator "TA"]
[PlyCount "56"]
[EventDate "2021.03.27"]
[EventType "team-tourn"]
[EventCountry "NET"]
[SourceTitle "playchess.com"]
[Source "ChessBase"]
[SourceQuality "1"]

{[%evp 10,56,4,7,6,0,0,0,0,0,0,0,16,-4,0,0,87,94,100,88,205,204,176,187,403,365,437,485,704,698,649,664,1121,1085,1052,1011,2740,2418,29993,29986,29986,29987,29986,29987,29985,6379,29990,29990,29992]} 1. Nf3 Nf6 2. c4 e6 3. b3 d5 4. Bb2 Be7 5. e3 O-O 6. Nc3 dxc4 {A13: English Opening: 1...e6.} 7. bxc4 c5 8. Be2 b6 {The position is equal.} 9. Qc2 Nc6 10. a3 Bb7 11. Rg1 {[#]} Qd7 $146 ({Predecessor:} 11... Na5 12. d3 Ne8 13. g4 a6 14. g5 b5 15. Rd1 Rb8 16. Ne4 Ba8 17. h4 bxc4 18. dxc4 {½-½ (90) Le,Q (2706)-Yu,Y (2784) Hengshui 2019}) 12. g4 Rfd8 (12... Ne8 $11 {remains equal.}) 13. g5 $16 {White stays focused until the end.} Ne8 14. Ne4 Bf8 {[#]} (14... e5 $16) 15. Nf6+ $1 $18 {[%mdl 512]} Nxf6 ({Don't blunder} 15... gxf6 $2 16. gxf6+ Bg7 17. Ng5 $18) 16. gxf6 g6 $2 {[#]} (16... e5 {might work better.}) 17. h4 $1 e5 {[#]} 18. h5 $1 {[%cal Rh5g6]} e4 (18... Kh8 $142 19. hxg6 (19. Nxe5 Nxe5 20. Bxe5 Qe6 $16) 19... fxg6) 19. hxg6 hxg6 20. Qxe4 {Rxg6+! is the strong threat.} Nd4 {[#]} 21. Rxg6+ $1 {[%mdl 576] Demolition} fxg6 22. Qxg6+ Kh8 23. Ng5 {Threatening mate with f7.} Nf3+ 24. Bxf3 Qxd2+ 25. Kf1 {[%csl Gg5][%cal Rg6h7]} Qd3+ 26. Qxd3 Rxd3 27. Bxb7 (27. Kg2 $142 Bxf3+ 28. Kxf3 Rd7 29. f7+ Rd4 30. exd4 Kg7 31. Re1 Kg6 32. Kg4) 27... Rb8 28. Be4 Rd2 {Weighted Error Value: White=0.03/Black=0.89} 1-0